000
00436nam a2200133Ia 4500
008
100328s9999 xx 000 0 und d
082
_b
9918
100
_a
भुवड भगवानदास
245
_a
संगीत प्रेमाचा सौदा
260
_b
---
630
_a
संगीत प्रेमाचा सौदा
730
_a
संगीत प्रेमाचा सौदा
942
_c
BOOK
999
_c
505475
_d
505472